Využitie softvéru pri riešení viacnásobných integrálov

Na minha lista:
Detalhes bibliográficos
Autor principal: Strešňáková, Anna, 1976-
Formato: Capítulo de Livro
Idioma:eslovaco
Assuntos:
Tags: Adicionar Tag
Sem tags, seja o primeiro a adicionar uma tag!

MARC

LEADER 00000naa$a2200000$$$4500
001 0080418
005 20240502071918.1
041 0 |a slo 
044 |a SK 
245 1 0 |a Využitie softvéru pri riešení viacnásobných integrálov  |c Anna Strešňáková 
610 2 0 |a matematika 
610 2 0 |a vyučovanie 
610 2 0 |a softvér 
100 1 |a Strešňáková, Anna, 1976-